| 000 | 00554nam a2200181Ia 4500 | ||
|---|---|---|---|
| 008 | 100920s9999 xx 000 0 und d | ||
| 082 |
_b104553 _a891.43 न 04 |
||
| 100 | _aभारती राकेश. | ||
| 245 | _aकाला सुरज. | ||
| 260 |
_bमित्तल ऍण्ड सन्स,दिल्ली. _c2004 |
||
| 300 |
_a172 _bसाधी |
||
| 365 | _b200 | ||
| 520 | _aहिंदी. | ||
| 630 | _aकाला सुरज. | ||
| 650 | _aहिंदी. | ||
| 730 | _aकाला सुरज. | ||
| 942 | _cBOOK | ||
| 999 |
_c744985 _d744982 |
||